000 00243nam a22001097a 4500
041 _aENG
245 _aGuidelines For Estimation Of Flood Damages
260 _aNew Delhi
_bBIS
_c1993
300 _a04
650 _aBIS Code
856 _uBIS Code
999 _c2123
_d2123